Common commercial timbers of Peninsular Malaysia

Bibliographic Details
Main Author: Gan, K. S.
Other Authors: Lim, S. C.
Format: Book
Published: Kuala Lumpur : Forest Research Institue Malaysia, , 2004
Subjects:

MARC

LEADER 00000cam a2200000 7i4500
001 0000003224
005 20050323.0
020 0 0 |a 9832181550 
090 0 0 |a 674.1095951   |b GAN 
100 0 0 |a Gan, K. S. 
245 0 0 |a Common commercial timbers of Peninsular Malaysia   |c K.S.Gan & S.C. Lim 
260 0 0 |a Kuala Lumpur :   |b Forest Research Institue Malaysia, ,   |c 2004 
300 |a xviii, 130p. :   |b ill. ;   |c 21cm. 
650 0 0 |a Timber   |z Peninsular Malaysia   |x Classification 
650 0 0 |a Wood products   |z Malaysia 
700 1 1 |a Lim, S. C. 
999 |a 0000001164   |b Monograph   |c Open Shelf   |e Default branch